[Event "26th WSCC 2016 Open 65+"]
[Site "Marianske Lazne, Czech Republic - Hotel Cristal and Continental"]
[Date "2016.11.27"]
[Round "8.21"]
[White "Gergel, Vladimir P"]
[Black "Frick, Christoph"]
[Result "0-1"]
[WhiteElo "2201"]
[BlackElo "2275"]
[PlyCount "127"]
[EventDate "2016.??.??"]
[WhiteClock "0:04:35"]
[BlackClock "0:12:31"]

1. b3 e5 2. Bb2 Nc6 3. e4 Nf6 4. d3 d5 5. Nd2 Bc5 6. h3 O-O 7. g4 dxe4 8. dxe4
Qe7 9. a3 Rd8 10. Bd3 Bd4 11. Bxd4 Nxd4 12. Ngf3 Nc6 13. Qe2 a6 14. Nc4 Nd7 15.
Ne3 Nf8 16. Nd5 Qd6 17. b4 Ne6 18. c3 Ne7 19. Bc4 Ng6 20. O-O-O Qf8 21. Kb2 b5
22. Bb3 Bb7 23. h4 c5 24. Nb6 Ngf4 25. Qe3 Ng2 26. Qe2 Nef4 27. Qc2 c4 28. Nxa8
cxb3 29. Qxb3 Nd3+ 30. Rxd3 Rxd3 31. Nxe5 Rd2+ 32. Kc1 Rxf2 33. Nd3 Re2 34. Nb6
Bxe4 35. Nd7 Qd6 36. N7e5 Bd5 37. Qd1 Ra2 38. Kb1 Ne3 39. Qg1 Rxa3 40. Qxe3
Bxh1 41. Kb2 Ra4 42. Nc5 f6 43. Ned3 Bc6 44. Nxa4 bxa4 45. Nc5 Bb5 46. h5 h6
47. Ka3 Qe5 48. Qd2 Qg3 49. Nxa4 Qxg4 50. Qd5+ Kh7 51. Nc5 Bc4 52. Qe4+ Qxe4
53. Nxe4 f5 54. Nd2 Be2 55. Ka4 g5 56. hxg6+ Kxg6 57. c4 h5 58. Ka5 h4 59. Kxa6
h3 60. b5 h2 61. b6 h1=Q 62. b7 Qc6+ 63. Ka7 Qc5+ 64. Kb8 0-1

[Event "26th WSCC 2016 Open 65+"]
[Site "Marianske Lazne, Czech Republic - Hotel Cristal and Continental"]
[Date "2016.11.27"]
[Round "8.22"]
[White "Gruzmann, Boris"]
[Black "Bratus, Petr P"]
[Result "1/2-1/2"]
[WhiteElo "2268"]
[BlackElo "2140"]
[PlyCount "113"]
[EventDate "2016.??.??"]
[WhiteClock "0:42:47"]
[BlackClock "0:13:29"]

1. e4 e5 2. Nf3 Nc6 3. Bb5 a6 4. Ba4 Nf6 5. O-O Be7 6. Re1 b5 7. Bb3 O-O 8. d4
d6 9. c3 Bg4 10. d5 Na5 11. Bc2 c6 12. h3 Bxf3 13. Qxf3 cxd5 14. exd5 Nc4 15.
Nd2 Nb6 16. Nf1 Nbxd5 17. Ng3 g6 18. Bh6 Re8 19. Rad1 Nb6 20. Nf5 e4 21. Bxe4
Nxe4 22. Rxe4 Bf8 23. Rxe8 Qxe8 24. Nxd6 Qe6 25. Bxf8 Rxf8 26. b3 Rd8 27. Nb7
Rxd1+ 28. Qxd1 Qd5 29. Qxd5 Nxd5 30. c4 bxc4 31. bxc4 Nb4 32. c5 Kf8 33. a4 Ke7
34. Kf1 Kd7 35. Ke2 Nd5 36. Kd3 Nf4+ 37. Kd4 Nxg2 38. Nd6 Nf4 39. Nxf7 Nxh3 40.
Ne5+ Kc7 41. Nd3 h5 42. f4 h4 43. Ke5 Ng1 44. Kf6 h3 45. f5 gxf5 46. Kxf5 h2
47. Nf2 Kc6 48. Kg4 Kxc5 49. Kg3 h1=Q 50. Nxh1 Kb4 51. Kf2 Nh3+ 52. Ke3 Kxa4
53. Kd2 Kb3 54. Kc1 a5 55. Ng3 Nf2 56. Kb1 Nd1 57. Ne4 1/2-1/2

[Event "26th WSCC 2016 Open 65+"]
[Site "Marianske Lazne, Czech Republic - Hotel Cristal and Continental"]
[Date "2016.11.27"]
[Round "8.23"]
[White "Tchetchelnitski, Boris"]
[Black "Sorensen, Bent"]
[Result "0-1"]
[WhiteElo "2144"]
[BlackElo "2263"]
[PlyCount "78"]
[EventDate "2016.??.??"]
[WhiteClock "0:20:29"]
[BlackClock "0:16:18"]

1. Nf3 e6 2. c4 d5 3. e3 Nf6 4. Nc3 c6 5. b3 Nbd7 6. cxd5 exd5 7. Be2 Bd6 8.
Bb2 O-O 9. O-O Re8 10. Qc2 Nf8 11. h3 Bd7 12. Na4 Qe7 13. Rfe1 Rac8 14. Bf1 c5
15. Nc3 Ne6 16. Nb5 Bb8 17. Ne5 d4 18. Nxd7 Qxd7 19. exd4 cxd4 20. Qf5 Rc5 21.
Qd3 Rd8 22. g3 a6 23. Na3 Ng5 24. h4 Nh3+ 25. Bxh3 Qxh3 26. Qf3 Rf5 27. Qg2 Qg4
28. f4 Nh5 29. Nc4 Qxg3 30. Qxg3 Nxg3 31. Bxd4 Rxf4 32. Bb6 Rc8 33. Re7 h6 34.
Rae1 Rc6 35. Rxb7 Rg6 36. Rxb8+ Kh7 37. Bf2 Ne4+ 38. Kh1 Nxf2+ 39. Kh2 Rxh4#
0-1

[Event "26th WSCC 2016 Open 65+"]
[Site "Marianske Lazne, Czech Republic - Hotel Cristal and Continental"]
[Date "2016.11.27"]
[Round "8.24"]
[White "Ruckschloss, Karol"]
[Black "Ofstad, Per"]
[Result "1/2-1/2"]
[WhiteElo "2255"]
[BlackElo "2129"]
[PlyCount "35"]
[EventDate "2016.??.??"]
[WhiteClock "0:56:37"]
[BlackClock "0:44:25"]

1. c4 c5 2. Nc3 Nf6 3. e4 Nc6 4. f4 d6 5. Nf3 e5 6. d3 Be7 7. Be2 Bg4 8. O-O
Qd7 9. Nd5 Bxf3 10. Bxf3 Nd4 11. Rb1 Nxd5 12. cxd5 Bf6 13. Bg4 Qb5 14. b3 O-O
15. Be3 exf4 16. Bxf4 Be5 17. g3 a5 18. Qd2 1/2-1/2

[Event "26th WSCC 2016 Open 65+"]
[Site "Marianske Lazne, Czech Republic - Hotel Cristal and Continental"]
[Date "2016.11.27"]
[Round "8.25"]
[White "Kjolberg, Lars"]
[Black "Huelsmann, Josef"]
[Result "1/2-1/2"]
[WhiteElo "2140"]
[BlackElo "2219"]
[PlyCount "47"]
[EventDate "2016.??.??"]
[WhiteClock "0:29:03"]
[BlackClock "0:25:58"]

1. d4 Nf6 2. c4 e6 3. g3 d5 4. Nf3 c6 5. Qc2 Nbd7 6. Nbd2 Be7 7. Bg2 O-O 8. O-O
b6 9. e4 Bb7 10. e5 Ne8 11. cxd5 cxd5 12. Re1 Rc8 13. Qd1 Nb8 14. Nf1 Nc6 15.
Bd2 Nb4 16. Bc3 Qd7 17. Ne3 Ba6 18. Qd2 Nc6 19. h4 Kh8 20. Ng4 Nd8 21. Bb4 Nc6
22. Bxe7 Nxe7 23. Rec1 Nc7 24. Ne3 1/2-1/2

[Event "26th WSCC 2016 Open 65+"]
[Site "Marianske Lazne, Czech Republic - Hotel Cristal and Continental"]
[Date "2016.11.27"]
[Round "8.26"]
[White "Lind, Jan-Olov"]
[Black "Gundersen, Helge"]
[Result "1/2-1/2"]
[WhiteElo "2213"]
[BlackElo "2120"]
[PlyCount "133"]
[EventDate "2016.??.??"]
[WhiteClock "0:03:11"]
[BlackClock "0:32:41"]

1. e4 e6 2. Nf3 d5 3. Nc3 Nf6 4. e5 Nfd7 5. d4 c5 6. dxc5 Nc6 7. Bf4 Bxc5 8.
Bd3 f6 9. exf6 Nxf6 10. Qe2 O-O 11. O-O-O Bd7 12. Kb1 Qe7 13. Ne5 Rae8 14. h3
Bb4 15. Bd2 Nxe5 16. Qxe5 Bd6 17. Qe2 e5 18. Bg5 Bc6 19. f3 Bb4 20. Bd2 Nh5 21.
Qe1 Nf4 22. Bf1 d4 23. Ne4 Bxd2 24. Rxd2 Kh8 25. a3 b5 26. Rd1 Nd5 27. Qa5 Rb8
28. Re1 b4 29. axb4 Rxb4 30. Qc5 Rfb8 31. b3 Qxc5 32. Nxc5 Re8 33. Nd3 Rb5 34.
Kc1 Ne3 35. Kd2 Ra5 36. Rg1 Rb8 37. Rc1 h6 38. Be2 g5 39. Ra1 Rbb5 40. g3 Rxa1
41. Rxa1 a5 42. Ne1 Rc5 43. c4 e4 44. fxe4 Bxe4 45. Bd3 Bc6 46. Nc2 Nxc2 47.
Bxc2 a4 48. bxa4 Rxc4 49. Ra3 Bd7 50. g4 h5 51. gxh5 Rc3 52. Rxc3 dxc3+ 53.
Kxc3 Bxa4 54. Bxa4 Kg7 55. Kd4 Kh8 56. Ke5 Kg7 57. Bd7 Kh6 58. Kf6 Kh7 59. Kf7
Kh8 60. Kg6 Kg8 61. Ba4 Kh8 62. Bc2 Kg8 63. Bd3 Kh8 64. Kh6 Kg8 65. Bg6 Kh8 66.
Bf7 g4 67. hxg4 1/2-1/2

[Event "26th WSCC 2016 Open 65+"]
[Site "Marianske Lazne, Czech Republic - Hotel Cristal and Continental"]
[Date "2016.11.27"]
[Round "8.27"]
[White "Tapper, Larry"]
[Black "Batakovs, Olegs"]
[Result "0-1"]
[WhiteElo "2212"]
[BlackElo "2034"]
[PlyCount "70"]
[EventDate "2016.??.??"]
[WhiteClock "0:28:34"]
[BlackClock "0:20:06"]

1. e4 c5 2. g3 Nc6 3. Bg2 Nf6 4. Nc3 e6 5. Nge2 Be7 6. d4 cxd4 7. Nxd4 a6 8.
O-O O-O 9. Re1 Qc7 10. Be3 Rb8 11. f4 Nxd4 12. Bxd4 b5 13. e5 Ne8 14. f5 Bb7
15. f6 gxf6 16. Qg4+ Kh8 17. exf6 Bxf6 18. Bxf6+ Nxf6 19. Qd4 Kg7 20. Re5 h6
21. Rf1 d6 22. Rg5+ hxg5 23. Qxf6+ Kh7 24. Ne4 Rg8 25. Nxg5+ Rxg5 26. Qxg5 Bxg2
27. Kxg2 Qxc2+ 28. Rf2 Qe4+ 29. Kh3 Qg6 30. Qh4+ Kg7 31. Qd4+ e5 32. Qd5 Qe6+
33. Qxe6 fxe6 34. Rc2 d5 35. Kg2 e4 0-1

[Event "26th WSCC 2016 Open 65+"]
[Site "Marianske Lazne, Czech Republic - Hotel Cristal and Continental"]
[Date "2016.11.27"]
[Round "8.28"]
[White "Harestad, Thor Geir"]
[Black "Harding, Tim D"]
[Result "1-0"]
[WhiteElo "2211"]
[BlackElo "2015"]
[PlyCount "89"]
[EventDate "2016.??.??"]
[WhiteClock "0:49:05"]
[BlackClock "0:28:53"]

1. c4 c6 2. Nf3 Nf6 3. g3 d5 4. Bg2 g6 5. d4 Bg7 6. O-O O-O 7. Nc3 dxc4 8. Ne5
Nd5 9. Nxc4 Nxc3 10. bxc3 Be6 11. Ne3 Qd7 12. Ba3 Re8 13. f4 Bh3 14. Qb3 Bxg2
15. Kxg2 a5 16. Rad1 a4 17. Qc4 Ra5 18. h3 Na6 19. Qd3 Qe6 20. Rd2 f5 21. Rb1
Rb5 22. Rxb5 cxb5 23. Qxb5 Nc7 24. Qc4 Qxc4 25. Nxc4 Nd5 26. Bb4 Rc8 27. Ne5 e6
28. Rb2 Bxe5 29. fxe5 Rc4 30. Kf2 b6 31. a3 Nxc3 32. Bxc3 Rxc3 33. Rxb6 Kf7 34.
Rb7+ Kf8 35. Rxh7 Rxa3 36. Ra7 Ra1 37. Kf3 g5 38. h4 gxh4 39. gxh4 a3 40. h5
Rh1 41. Kf4 Rxh5 42. Rxa3 Rh4+ 43. Kg5 Rg4+ 44. Kf6 Ke8 45. Kxe6 1-0

[Event "26th WSCC 2016 Open 65+"]
[Site "Marianske Lazne, Czech Republic - Hotel Cristal and Continental"]
[Date "2016.11.27"]
[Round "8.29"]
[White "Andersson, Kaj"]
[Black "Babula, Milan"]
[Result "0-1"]
[WhiteElo "2057"]
[BlackElo "2210"]
[PlyCount "66"]
[EventDate "2016.??.??"]
[WhiteClock "0:08:46"]
[BlackClock "0:09:05"]

1. e4 e6 2. d4 d5 3. Nd2 Nc6 4. c3 Be7 5. Bd3 dxe4 6. Nxe4 e5 7. Ne2 exd4 8.
cxd4 Nf6 9. O-O O-O 10. Be3 Nb4 11. Bb1 a5 12. N2c3 Nbd5 13. Qd3 g6 14. Ng3 b6
15. Re1 Bb7 16. Nce4 Ng4 17. h3 Ngxe3 18. fxe3 f5 19. Nd2 Bh4 20. e4 Qg5 21.
exd5 Bxg3 22. Nf3 Qf4 23. Rf1 Bxd5 24. Bc2 Rad8 25. Bb3 Qe4 26. Bxd5+ Qxd5 27.
Rfd1 Rfe8 28. b3 Re4 29. Rac1 Bf4 30. Rc2 c5 31. Qb5 cxd4 32. Qxb6 d3 33. Rc5
Be3+ 0-1

[Event "26th WSCC 2016 Open 65+"]
[Site "Marianske Lazne, Czech Republic - Hotel Cristal and Continental"]
[Date "2016.11.27"]
[Round "8.30"]
[White "Marsina, Stefan"]
[Black "Zilbert, Oleg"]
[Result "0-1"]
[WhiteElo "1910"]
[BlackElo "2208"]
[PlyCount "64"]
[EventDate "2016.??.??"]
[WhiteClock "0:01:38"]
[BlackClock "0:51:58"]

1. Nf3 Nf6 2. c4 g6 3. Nc3 Bg7 4. e4 d6 5. d4 O-O 6. h3 Nc6 7. Be3 e5 8. d5 Nd4
9. Nxd4 exd4 10. Bxd4 Re8 11. Be2 Nxe4 12. Bxg7 Kxg7 13. Qd4+ Qf6 14. Qxf6+
Kxf6 15. Nxe4+ Rxe4 16. Kd2 Bf5 17. f3 Re7 18. g4 Rae8 19. Rh2 Bd7 20. f4 h6
21. Rf1 a5 22. Bd3 Re3 23. f5 g5 24. Rg1 Rf3 25. Be2 Rf4 26. h4 gxh4 27. Rxh4
Bxf5 28. Rxh6+ Bg6 29. Rh2 Kg5 30. Rh3 b6 31. Re3 Rd4+ 32. Bd3 Rxe3 0-1

[Event "26th WSCC 2016 Open 65+"]
[Site "Marianske Lazne, Czech Republic - Hotel Cristal and Continental"]
[Date "2016.11.27"]
[Round "8.31"]
[White "Giffard, Nicolas"]
[Black "Vavruska, Antonin"]
[Result "1-0"]
[WhiteElo "2313"]
[BlackElo "2096"]
[PlyCount "89"]
[EventDate "2016.??.??"]
[WhiteClock "0:52:18"]
[BlackClock "0:29:02"]

1. d4 e6 2. c4 f5 3. g3 Nf6 4. Bg2 Be7 5. Nf3 d6 6. O-O O-O 7. b3 Qe8 8. Bb2
Qh5 9. e3 Nbd7 10. a3 Ne4 11. Nc3 Nxc3 12. Bxc3 Nf6 13. Nd2 Qh6 14. Qe2 e5 15.
dxe5 dxe5 16. Bxe5 Ng4 17. Nf3 Nxe5 18. Nxe5 Bf6 19. f4 Bxe5 20. fxe5 Be6 21.
Rad1 c6 22. Rd6 Rae8 23. Qd2 Qg5 24. e4 Qxd2 25. Rxd2 fxe4 26. Rxf8+ Kxf8 27.
Bxe4 g6 28. Bf3 a5 29. a4 Bf5 30. Re2 Rd8 31. g4 Be6 32. Kf2 g5 33. Ke3 Ke7 34.
Rg2 Rg8 35. Rd2 Rf8 36. h4 h5 37. gxh5 gxh4 38. Rd4 h3 39. Rh4 Bf5 40. Be4 Ke6
41. h6 Rh8 42. Bxf5+ Kxf5 43. Kd4 Rh7 44. Rxh3 b6 45. c5 1-0

[Event "26th WSCC 2016 Open 65+"]
[Site "Marianske Lazne, Czech Republic - Hotel Cristal and Continental"]
[Date "2016.11.27"]
[Round "8.32"]
[White "Sloth, Jorn"]
[Black "Montero Martinez, Cristhian"]
[Result "1/2-1/2"]
[WhiteElo "2312"]
[BlackElo "2089"]
[PlyCount "36"]
[EventDate "2016.??.??"]
[WhiteClock "0:49:58"]
[BlackClock "0:31:50"]

1. Nf3 d5 2. e3 Nf6 3. c4 e6 4. Nc3 Be7 5. b3 c5 6. Bb2 Nc6 7. cxd5 exd5 8. d4
O-O 9. Be2 Bg4 10. dxc5 Bxc5 11. O-O a6 12. Na4 Ba7 13. Rc1 Qd6 14. Nd4 Bxd4
15. Bxd4 Bxe2 16. Qxe2 Nxd4 17. exd4 Rfe8 18. Qd3 Qa3 1/2-1/2

[Event "26th WSCC 2016 Open 65+"]
[Site "Marianske Lazne, Czech Republic - Hotel Cristal and Continental"]
[Date "2016.11.27"]
[Round "8.33"]
[White "Mueller, Lutz"]
[Black "Gutkin, Boris"]
[Result "0-1"]
[WhiteElo "2070"]
[BlackElo "2275"]
[PlyCount "48"]
[EventDate "2016.??.??"]
[WhiteClock "0:41:36"]
[BlackClock "0:29:50"]

1. d4 Nf6 2. Nf3 g6 3. c4 Bg7 4. Nc3 d6 5. e4 O-O 6. Be2 e5 7. O-O Nc6 8. d5
Ne7 9. Ne1 Ne8 10. Be3 f5 11. f3 f4 12. Bf2 g5 13. Rc1 Ng6 14. b4 a5 15. a3
axb4 16. axb4 h5 17. c5 Rf7 18. cxd6 Nxd6 19. Nd3 b6 20. b5 Bf8 21. Qb3 g4 22.
Nb4 Qg5 23. fxg4 hxg4 24. g3 Rh7 0-1

[Event "26th WSCC 2016 Open 65+"]
[Site "Marianske Lazne, Czech Republic - Hotel Cristal and Continental"]
[Date "2016.11.27"]
[Round "8.34"]
[White "Vikulov, Alexander"]
[Black "Anguera Maestro, Jaime"]
[Result "1-0"]
[WhiteElo "2275"]
[BlackElo "2081"]
[PlyCount "65"]
[EventDate "2016.??.??"]
[WhiteClock "0:19:46"]
[BlackClock "0:09:25"]

1. e4 g6 2. d4 Bg7 3. Nc3 d6 4. Bg5 c6 5. f4 Qb6 6. Nge2 Qxb2 7. Rb1 Qa3 8. Qd2
Qa5 9. Nc1 Qc7 10. a4 e6 11. Be2 Ne7 12. O-O O-O 13. e5 d5 14. Nd3 Nf5 15. Nf2
f6 16. exf6 Bxf6 17. Bxf6 Rxf6 18. Ng4 Rf8 19. Ne5 Nd7 20. g4 Ng7 21. Bd3 Nxe5
22. fxe5 Bd7 23. Rf6 Be8 24. Qh6 Bf7 25. Rf3 Nf5 26. gxf5 exf5 27. Ne2 Rae8 28.
Nf4 Re7 29. Kh1 Qd8 30. Rg1 Kh8 31. Rxg6 Bxg6 32. Nxg6+ Kg8 33. Nxf8 1-0

[Event "26th WSCC 2016 Open 65+"]
[Site "Marianske Lazne, Czech Republic - Hotel Cristal and Continental"]
[Date "2016.11.27"]
[Round "8.35"]
[White "Braun, Gottfried"]
[Black "Archangelsky, Mikhail"]
[Result "1-0"]
[WhiteElo "2242"]
[BlackElo "2054"]
[PlyCount "115"]
[EventDate "2016.??.??"]
[WhiteClock "0:11:18"]
[BlackClock "0:00:49"]

1. e4 e6 2. Nf3 d5 3. exd5 exd5 4. d4 Nf6 5. Bd3 Bg4 6. O-O Be7 7. Be3 c6 8.
Nbd2 Nbd7 9. c3 O-O 10. Qc2 Qc7 11. Rfe1 Rae8 12. h3 Bxf3 13. Nxf3 Bd6 14. Re2
Re7 15. Rae1 Rfe8 16. Nh4 g6 17. Nf3 Ne4 18. Bh6 f5 19. c4 Nef6 20. c5 Rxe2 21.
Rxe2 Bf8 22. Rxe8 Nxe8 23. Qe2 Bxh6 24. Qxe8+ Nf8 25. b4 a6 26. a4 Qd7 27. Qb8
Bg7 28. Qa7 Kf7 29. b5 axb5 30. axb5 Ke7 31. bxc6 bxc6 32. Qb8 Qd8 33. Qg3 Ne6
34. Qh4+ Kf8 35. Qxh7 Nxd4 36. Nxd4 Bxd4 37. Qxg6 Qf6 38. Qxf6+ Bxf6 39. Bxf5
Ke7 40. Kf1 Bd4 41. Ke2 Bxc5 42. f4 Bd4 43. g4 c5 44. Bb1 c4 45. Ba2 Ke6 46. h4
Bg7 47. h5 Kf6 48. g5+ Ke6 49. Kf3 Bf8 50. Kg4 Kd6 51. h6 Kc5 52. Kf3 d4 53.
Bb1 d3 54. Ke3 Kd5 55. f5 Ke5 56. h7 Bg7 57. f6 Bh8 58. f7 1-0

[Event "26th WSCC 2016 Open 65+"]
[Site "Marianske Lazne, Czech Republic - Hotel Cristal and Continental"]
[Date "2016.11.27"]
[Round "8.36"]
[White "Dahlhaus, Friedhelm"]
[Black "Wahlbom, Magnus"]
[Result "1/2-1/2"]
[WhiteElo "2052"]
[BlackElo "2215"]
[PlyCount "50"]
[EventDate "2016.??.??"]
[WhiteClock "0:08:45"]
[BlackClock "0:11:09"]

1. e4 c5 2. Nc3 e6 3. f4 Nc6 4. Bb5 Nd4 5. Nf3 a6 6. Bd3 Ne7 7. Nxd4 cxd4 8.
Ne2 Nc6 9. b3 g6 10. Bb2 Bg7 11. O-O d6 12. Qe1 O-O 13. Qf2 e5 14. Bc4 Be6 15.
d3 b5 16. Bxe6 fxe6 17. Qg3 exf4 18. Rxf4 Qe7 19. Raf1 Rxf4 20. Nxf4 Nb4 21.
Qf2 Rf8 22. a3 Nc6 23. Qe2 Be5 24. Qg4 Qf6 25. g3 Re8 1/2-1/2

[Event "26th WSCC 2016 Open 65+"]
[Site "Marianske Lazne, Czech Republic - Hotel Cristal and Continental"]
[Date "2016.11.27"]
[Round "8.37"]
[White "Furman, Boris"]
[Black "Altshul, Raffael"]
[Result "1/2-1/2"]
[WhiteElo "2207"]
[BlackElo "2037"]
[PlyCount "90"]
[EventDate "2016.??.??"]
[WhiteClock "0:16:21"]
[BlackClock "0:19:50"]

1. d4 g6 2. c4 d6 3. Nc3 Bg7 4. Nf3 Nd7 5. Bg5 h6 6. Bd2 e5 7. dxe5 dxe5 8. Qc2
Ngf6 9. g3 O-O 10. Bg2 Re8 11. O-O c6 12. b4 Nb6 13. c5 Nbd5 14. Nxd5 cxd5 15.
Rac1 Bd7 16. Rfd1 Qc7 17. e3 Rad8 18. Bc3 a6 19. Qb3 Bb5 20. Bf1 Bxf1 21. Kxf1
e4 22. Ng1 Qd7 23. Rd2 Qf5 24. h3 Rd7 25. a4 Red8 26. Rcd1 Qe6 27. Kg2 Ne8 28.
Bxg7 Kxg7 29. Ne2 Nc7 30. b5 axb5 31. axb5 Qf6 32. b6 Ne6 33. Qc2 Qf3+ 34. Kf1
Kh7 35. h4 d4 36. Nxd4 Qh1+ 37. Ke2 Nxd4+ 38. Rxd4 Qf3+ 39. Ke1 Qh1+ 40. Kd2
Rxd4+ 41. exd4 Qf3 42. Kc1 Ra8 43. Kb1 Ra5 44. Rc1 Rb5+ 45. Ka2 Ra5+ 1/2-1/2

[Event "26th WSCC 2016 Open 65+"]
[Site "Marianske Lazne, Czech Republic - Hotel Cristal and Continental"]
[Date "2016.11.27"]
[Round "8.38"]
[White "Bakalar, Jan"]
[Black "Roeder, Gerd"]
[Result "0-1"]
[WhiteElo "2033"]
[BlackElo "2207"]
[PlyCount "158"]
[EventDate "2016.??.??"]
[WhiteClock "0:05:54"]
[BlackClock "0:03:11"]

1. e4 c5 2. Nf3 Nc6 3. d4 cxd4 4. Nxd4 Nf6 5. Nc3 e5 6. Ndb5 d6 7. Bg5 a6 8.
Na3 Be7 9. Bxf6 Bxf6 10. Nd5 O-O 11. c3 Bg5 12. h4 Bh6 13. Nc4 Be6 14. Nce3 Kh8
15. Bd3 Ne7 16. Bc2 Bxe3 17. Nxe3 d5 18. exd5 Nxd5 19. Nxd5 Bxd5 20. Qh5 g6 21.
Qg4 h5 22. Qg3 Qe7 23. O-O-O Bxa2 24. Rhe1 Rfe8 25. Qe3 Kg7 26. f4 a5 27. g3 a4
28. fxe5 a3 29. b3 b5 30. Qf4 Ra6 31. Qd4 Re6 32. g4 hxg4 33. h5 gxh5 34. Qe4
Qg5+ 35. Rd2 Rh8 36. Rf1 Rxe5 37. Qd4 Rhe8 38. Kd1 Qe3 39. Qxe3 Rxe3 40. Rd7
Rxc3 41. Rfxf7+ Kh6 42. Rd5 Rxc2 43. Kxc2 Rc8+ 44. Kd2 Bxb3 45. Rf6+ Kg7 46.
Rdd6 a2 47. Rg6+ Kf7 48. Rdf6+ Ke7 49. Ra6 Rc2+ 50. Kd3 Rc1 51. Ra7+ Kf8 52.
Rb6 Rc8 53. Rf6+ Ke8 54. Rh6 Rc7 55. Rh8+ Kd7 56. Rh7+ Kd6 57. Rhxc7 a1=Q 58.
Rxa1 Kxc7 59. Ra7+ Kd6 60. Rh7 Be6 61. Rxh5 b4 62. Rb5 b3 63. Ke3 Kc6 64. Rb4
Kc5 65. Rd4 b2 66. Rd1 Kc4 67. Kf4 Kc3 68. Rg1 Kc2 69. Rg2+ Kb3 70. Rg3+ Ka2
71. Rg2 Ka1 72. Re2 b1=Q 73. Rxe6 Qb4+ 74. Kg5 Qd4 75. Ra6+ Kb2 76. Kh4 g3+ 77.
Kh3 Qf2 78. Rd6 g2 79. Rd3 Qf5+ 0-1

[Event "26th WSCC 2016 Open 65+"]
[Site "Marianske Lazne, Czech Republic - Hotel Cristal and Continental"]
[Date "2016.11.27"]
[Round "8.39"]
[White "Toefferl, Heimo"]
[Black "Sejkora, Vlastimil"]
[Result "1-0"]
[WhiteElo "2033"]
[BlackElo "2195"]
[PlyCount "43"]
[EventDate "2016.??.??"]
[WhiteClock "1:05:23"]
[BlackClock "0:38:49"]

1. d4 Nf6 2. c4 g6 3. Nc3 Bg7 4. e4 d6 5. Be2 O-O 6. Bg5 h6 7. Be3 Nbd7 8. h4
c5 9. d5 Qa5 10. Bd2 h5 11. Nh3 Ne5 12. f3 e6 13. Nf2 exd5 14. Nxd5 Qd8 15. Bg5
Be6 16. f4 Qa5+ 17. b4 Nxd5 18. bxa5 Ne3 19. Qc1 N5xc4 20. f5 Bb2 21. Bxe3 Bxc1
22. Bxc1 1-0

[Event "26th WSCC 2016 Open 65+"]
[Site "Marianske Lazne, Czech Republic - Hotel Cristal and Continental"]
[Date "2016.11.27"]
[Round "8.41"]
[White "Pitzl, Konstantinos"]
[Black "Golcman, Evgeny"]
[Result "1/2-1/2"]
[WhiteElo "2004"]
[BlackElo "2164"]
[PlyCount "73"]
[EventDate "2016.11.19"]

1. Nf3 c5 2. g3 g6 3. Bg2 Bg7 4. O-O Nc6 5. c4 d6 6. Nc3 Nf6 7. d4 cxd4 8. Nxd4
Bd7 9. Nxc6 bxc6 10. e4 Qc8 11. Be3 Bh3 12. c5 Bxg2 13. Kxg2 Ng4 14. cxd6 Nxe3+
15. fxe3 Rb8 16. Rf2 Qe6 17. dxe7 Qxe7 18. Qa4 Qc5 19. Nd5 Rxb2 20. Rxb2 Bxb2
21. Rb1 O-O 22. Qxc6 Qa3 23. Qb7 Be5 24. Qb3 Qa6 25. Rf1 Kg7 26. Rf2 Rb8 27.
Qd1 Rb2 28. Rxb2 Bxb2 29. a4 Qc4 30. Kf3 Be5 31. Nf4 h5 32. h3 a5 33. g4 hxg4+
34. hxg4 Kg8 35. Qd8+ Kg7 36. Qd1 Kg8 37. Qd8+ 1/2-1/2

[Event "26th WSCC 2016 Open 65+"]
[Site "Marianske Lazne, Czech Republic - Hotel Cristal and Continental"]
[Date "2016.11.27"]
[Round "8.42"]
[White "Vechet, Stanislav"]
[Black "Vladimirsky, Mark"]
[Result "1/2-1/2"]
[WhiteElo "2149"]
[BlackElo "2023"]
[PlyCount "70"]
[EventDate "2016.11.19"]

1. d4 Nf6 2. c4 e6 3. g3 Bb4+ 4. Bd2 Be7 5. Bg2 d5 6. e3 O-O 7. Qc2 c6 8. Ne2
Nbd7 9. O-O dxc4 10. Qxc4 e5 11. Qc2 exd4 12. Nxd4 Re8 13. b4 Nb6 14. a3 Nfd5
15. Nc3 Bf6 16. Nce2 Bg4 17. Rac1 Rc8 18. Rfe1 Nd7 19. e4 c5 20. bxc5 Rxc5 21.
Qb1 N5b6 22. h3 Rxc1 23. Rxc1 Bxe2 24. Nxe2 Ne5 25. Ba5 Qd3 26. Qxd3 Nxd3 27.
Rc7 Bb2 28. Bxb6 axb6 29. a4 f5 30. Rxb7 Ba3 31. Nf4 fxe4 32. Nxd3 exd3 33. Rd7
Re1+ 34. Bf1 Bc5 35. Rxd3 Ra1 1/2-1/2

[Event "26th WSCC 2016 Open 65+"]
[Site "Marianske Lazne, Czech Republic - Hotel Cristal and Continental"]
[Date "2016.11.27"]
[Round "8.43"]
[White "Ladisic, Alex-Sacha"]
[Black "Kende, Gyorgy Dr"]
[Result "0-1"]
[WhiteElo "1970"]
[BlackElo "2145"]
[PlyCount "66"]
[EventDate "2016.11.19"]

1. e4 c6 2. d4 d5 3. e5 c5 4. dxc5 e6 5. Be3 Ne7 6. c3 Nf5 7. Bd4 Qc7 8. b4 Nc6
9. Bb5 Bd7 10. Bxc6 Bxc6 11. Nf3 b6 12. cxb6 axb6 13. O-O Ba4 14. Qd2 h5 15.
Re1 Be7 16. Qd3 O-O 17. Nfd2 Rfc8 18. a3 Qc6 19. Nf1 Bb5 20. Qd2 Bxf1 21. Rxf1
b5 22. g3 Qc4 23. Rd1 g6 24. Qa2 Bxb4 25. Qxc4 Rxc4 26. Nd2 Bxc3 27. Nxc4 Bxd4
28. Rxd4 Nxd4 29. Nb6 Ra7 30. a4 bxa4 31. Rxa4 Rxa4 32. Nxa4 Nf3+ 33. Kg2 Nxe5
0-1

[Event "26th WSCC 2016 Open 65+"]
[Site "Marianske Lazne, Czech Republic - Hotel Cristal and Continental"]
[Date "2016.11.27"]
[Round "8.44"]
[White "Barboza, Mauro"]
[Black "Agzamov, Valeriy"]
[Result "0-1"]
[WhiteElo "1944"]
[BlackElo "2137"]
[PlyCount "67"]
[EventDate "2016.11.19"]

1. e4 c5 2. Nc3 Nc6 3. g3 g6 4. Bg2 Bg7 5. f4 e6 6. Nf3 d6 7. Rb1 Nge7 8. O-O
O-O 9. d3 Rb8 10. a4 a6 11. Ne2 d5 12. b3 b6 13. Bb2 Bb7 14. Bxg7 Kxg7 15. Nc3
dxe4 16. dxe4 Qxd1 17. Rbxd1 Rfd8 18. Ne2 Nb4 19. Ne5 Nxc2 20. Kf2 Nc6 21. Rc1
N2b4 22. Ke3 f6 23. Nxc6 Rd3+ 24. Kf2 Nxc6 25. Rc3 Rxc3 26. Nxc3 Rd8 27. Rb1
Rd2+ 28. Ne2 Nd4 29. Bf1 a5 30. h3 e5 31. Ke1 Rd3 32. Nxd4 Rxd4 33. Bg2 exf4
34. gxf4 0-1

[Event "26th WSCC 2016 Open 65+"]
[Site "Marianske Lazne, Czech Republic - Hotel Cristal and Continental"]
[Date "2016.11.27"]
[Round "8.45"]
[White "Beltz, Robert"]
[Black "Wheeler, Robert"]
[Result "1/2-1/2"]
[WhiteElo "2135"]
[BlackElo "2007"]
[PlyCount "68"]
[EventDate "2016.11.19"]

1. e4 c5 2. Nf3 e6 3. Nc3 a6 4. Be2 Nc6 5. d4 cxd4 6. Nxd4 Qc7 7. Be3 Nf6 8.
Nxc6 dxc6 9. f4 b5 10. O-O Bb7 11. Bf3 Nd7 12. Kh1 f6 13. Bg4 Kf7 14. Qf3 b4
15. Na4 c5 16. Qh3 Qc6 17. Rad1 Be7 18. Rd2 Nf8 19. b3 Rd8 20. Rxd8 Bxd8 21.
Nxc5 Bc8 22. e5 f5 23. Bf3 Qb5 24. Rd1 Bb6 25. Nb7 Bxb7 26. Bxb6 Qxb6 27. Qh5+
g6 28. Qg5 Bxf3 29. Qf6+ Ke8 30. gxf3 Rg8 31. Rd6 Qc7 32. Rxa6 Qb7 33. Rd6
Qxf3+ 34. Kg1 Qe3+ 1/2-1/2